Curso de derecho penal
Gorde:
| Egile nagusia: | |
|---|---|
| Beste egile batzuk: | |
| Formatua: | Liburua |
| Hizkuntza: | gaztelania |
| Argitaratua: |
Santiago
LexisNexis
2005
|
| Gaiak: | |
| Etiketak: |
Etiketa erantsi
Etiketarik gabe, Izan zaitez lehena erregistro honi etiketa jartzen!
|
MARC
| LEADER | 00000nam a2200000 a 4500 | ||
|---|---|---|---|
| 001 | UCK5532 | ||
| 003 | CL-VaPUC | ||
| 005 | 20250507093238.0 | ||
| 008 | 050805e20050000CL |||||||||||||||||spa|d | ||
| 999 | |c 314038 |d 314036 | ||
| 020 | |a 956238554X | ||
| 040 | |c Pontificia Universidad Católica de Valparaíso | ||
| 082 | 0 | 4 | |a 345.83 |b BUL |2 21 |
| 100 | |a Bullemore Gallardo, Vivian Robert |e autor |9 494333 | ||
| 245 | 1 | 0 | |a Curso de derecho penal |
| 260 | |a Santiago |b LexisNexis |c 2005 | ||
| 300 | |a 3 v | ||
| 500 | |a v.1: Parte general | ||
| 500 | |a v.2: Teoría del delito | ||
| 500 | |a v.3: Parte especial | ||
| 583 | |a last modification |c 20050805 00:00:00 |k Rodrigo Vera | ||
| 650 | 1 | |a Derecho penal chileno |9 902514 | |
| 700 | |a MacKinnon Roehrs, John R. W. |e autor |9 791186 | ||
| 942 | |c BK |2 ddc | ||
| 945 | |d 20050805 00:00:00 |a cmena | ||
| 952 | |0 0 |1 0 |4 0 |6 345_830000000000000_BUL_2005 |7 0 |8 A |9 385915 |a BIBDER |b BIBDER |d 2019-11-22 |h v.1 |i 4150872 |l 2 |o 345.83 BUL 2005 |p 4150872 |r 2023-03-23 |s 2023-03-23 |w 2019-11-22 |y BK |k DER | ||
| 952 | |0 0 |1 0 |4 0 |6 345_830000000000000_BUL_2005 |7 0 |8 A |9 385916 |a BIBDER |b BIBDER |d 2019-11-22 |h v.2 |i 4150880 |l 4 |o 345.83 BUL 2005 |p 4150880 |r 2023-07-26 |s 2023-07-26 |w 2019-11-22 |y BK |k DER | ||
| 952 | |0 0 |1 0 |4 0 |6 345_830000000000000_BUL_2005 |7 0 |8 A |9 385917 |a BIBDER |b BIBDER |d 2019-11-22 |h v.3 |i 4150899 |l 2 |o 345.83 BUL 2005 |p 4150899 |r 2023-07-12 |s 2023-07-12 |w 2019-11-22 |y BK |k DER | ||